ბათუმის შოთა რუსთაველის სახელმწიფო უნივერსიტეტის ბიბლიოთეკა

ძენ-ბუდიზმის შესავალი / (ბიბ.ჩანაწერი № 63065)

000 -ლიდერი
ფიქსირებული სიგრძის საკონტროლო ველი 01494nam a22002297a 4500
003 - საკონტროლო ნომრის იდენტიფიკატორი
საკონტროლო ველი Ge_BSU
005 - ბოლო ოპერაციის თარიღი და დრო
საკონტროლო ველი 20250528155809.0
008 - ფიქსირებული სიგრძის მონაცემთა ელემენტები - ზოგადი ინფორმაცია
ფიქსირებული სიგრძის საკონტროლო ველი 250528s2023 ge ||||| |||| 00| 0 geo d
020 ## - წიგნის საერთაშორისო სტანდარტული ნომერი
International Standard Book Number 9789941983177
041 ## - ენის კოდი
Language code of text/sound track or separate title geo
080 ## - უნივერსალური ათობითი კლასიფიკაციის ინდექსი
Universal Decimal Classification number 244.82 ს-91
100 ## - მთავარი ჩანაწერი - პიროვნების სახელი
Personal name სუძუკი, დაისეც ტეიტარო
9 (RLIN) 25156
245 ## - ცნობა სათაურის შესახებ
Title ძენ-ბუდიზმის შესავალი /
Statement of responsibility, etc დაისეც ტეიტარო სუძუკი; ინგლისურიდან თარგმნა დათო აკრიანმა; რედაქტორი ნათია გოგიჩაიშვილი; წინასიტყვაობა კარლ გუსტავ იუნგი; გარეკანის დიზაინი "გულღია".
264 ## - წარმოების, გამოცემის, დისტრიბუციის და სხვა ცნობები
გამოცემის, წარმოების, დისტრიბუციის... ადგილი თბილისი :
გამოცემის, წარმოების, დისტრიბუციის... სახელწოდება სიესტა,
გამოცემის, წარმოების, დისტრიბუციის... თარიღი 2023.
300 ## - ფიზიკური აღწერა
Extent 202 გვ. ;
Other physical details 19 სმ.
653 ## - INDEX TERM--UNCONTROLLED
Uncontrolled term აღმოსავლური სიბრძნე ძენ-ბუდიზმი.
700 ## - ADDED ENTRY--PERSONAL NAME
Personal name აკრიანი, დათო
Relator term მთარგმნელი
9 (RLIN) 19781
700 ## - ADDED ENTRY--PERSONAL NAME
Personal name გოგიჩაიშვილი, ნათია
Relator term რედაქტორი
9 (RLIN) 25157
700 ## - ADDED ENTRY--PERSONAL NAME
Personal name იუნგი, კარლ გუსტავ
Relator term წინასიტყვაობის ავტორი
9 (RLIN) 12135
700 ## - ADDED ENTRY--PERSONAL NAME
Personal name კიღურაძე, ქეთევან
Relator term გამომცემელი
9 (RLIN) 25158
942 ## - ADDED ENTRY ELEMENTS (KOHA)
Source of classification or shelving scheme
Koha item type წიგნი
ეგზემპლარები
ჩამოწერის სტატუსი დაკარგული ეგზემპლარის სტატუსი კლასიფიკაციის წყარო ან თაროზე გაწყობის სქემა დაზიანების სტატუსი არ გაიცემა მუდმივი მდებარეობა (დაცვის ადგილი) ამჟამინდელი ადგილსამყოფელი თაროზე განთავსების ადგილი შეძენის თარიღი ღირებულება, შესყიდვის ნორმალური ფასი სრული შენახვის შიფრი შტრიხკოდი ბოლო ოპერაციის თარიღი ეგზემპლარის მიმდევრობითი ნომერი (კეტერი?) ფასის ძალაში შესვლის თარიღი ეგზემპლარის სახეობა საჯარო შენიშვნა
          ბათუმის შოთა რუსთაველის სახელმწიფო უნივერსიტეტის მთავარი ბიბლიოთეკა ბათუმის შოთა რუსთაველის სახელმწიფო უნივერსიტეტის მთავარი ბიბლიოთეკა წიგნსაცავი 2025-05-28 23.00 244.82 ს-91 71580 2025-05-28 71580 2025-05-28 წიგნი 23 ლ.